000 00800nam a22002537a 4500
001 06968
003 HDC
007 cr bn ---
008 210126p ||||| |||| 00| 0 eng d
040 _aHDC
100 _aPrakash, C. S.
_97453
245 0 _aGenetically modified crops /
_cC. S. Prakash
260 _bMcGraw-Hill's AccessScience
336 _atext
_2rdacontent
337 _acomputer
_2rdamedia
338 _aonline resource
_2rdacarrier
650 _aAntibiotic resistance
_97452
650 _aHardier crops
_97455
650 _apollen toxicity
_97454
856 _zRequest full-text at [email protected]
942 _2lcc
942 _cAR
942 _kJART 000627
999 _c4292
_d4292